[Event "Asia-ch (Women)"]
[Site "Genting Highlands"]
[Date "1998.??.??"]
[Round "?"]
[White "Xu Yuhua"]
[Black "Repkova Eid, Eva"]
[Result "1/2-1/2"]
[WhiteElo "2380"]
[BlackElo "2300"]

1.e4 e6 2.d4 d5 3.Nc3 Nf6 4.e5 Ne4 5.Nce2 f5 6.h4 Be7 7.g3 c5 8.f3 Nxg3 9.Nxg3 Bxh4
10.Kf2 Nc6 11.c3 cxd4 12.cxd4 g5 13.Rxh4 gxh4 14.Nh5 Qb6 15.Be3 Qxb2+ 16.Be2 Kd8
17.Nh3 Rg8 18.N3f4 Kc7 19.a4 a5 20.Rb1 Qa2 21.Nf6 Rh8 22.Ra1 Qb2 23.Nd3 Qc3
24.Rc1 Qa3 25.Nc5 Kb8 26.Qg1 Rd8 27.f4 h3 28.Rb1 Qa2 29.Rb5 Ra7 30.Qg3 Qa1
31.Qxh3 Nxd4 32.Nb3 Nxb3 33.Bxa7+ Kxa7 34.Qxb3 b6 35.Qd1 Qc3 36.Qd3 d4 37.Qxc3 dxc3
38.Rb3 Rd2 39.Ke3 Rc2 40.Bb5 h5 41.Nxh5 Ba6 42.Kd3 Rh2 43.Ng7 c2 44.Rc3 Bb7
45.Bc6 Ba6+ 46.Bb5 Bb7 47.Nxe6 Be4+ 48.Kd4 Rd2+ 49.Ke3 Rg2 50.Kd4 Rd2+ 51.Ke3 Rg2
52.Kd4  1/2-1/2

[Event "Oberliga Sued W9798"]
[Site "GER"]
[Date "1998.??.??"]
[Round "?"]
[White "Traub, Boris"]
[Black "Haas, Frank"]
[Result "1-0"]
[WhiteElo "2200"]
[BlackElo "2200"]

1.e4 e6 2.d4 d5 3.Nc3 Nf6 4.e5 Nfd7 5.f4 c5 6.Nf3 Nc6 7.Be3 cxd4 8.Nxd4 Qb6
9.Qd2 Qxb2 10.Rb1 Qa3 11.Bb5 Ndb8 12.f5 Bb4 13.Rb3 Qa5 14.O-O exf5 15.Nxf5 Bxf5
16.Rxf5 Bxc3 17.Qxd5 O-O 18.e6 Bf6 19.exf7+ Rxf7 20.Qe6 Na6 21.Bxc6 Nc5 22.Bxc5 bxc6
23.Rb7 Qxc5+ 24.Rxc5  1-0

[Event "Oberliga Nord N9899"]
[Site "GER"]
[Date "1998.??.??"]
[Round "?"]
[White "Kreuzholz, Michael"]
[Black "Newton, Robert"]
[Result "1/2-1/2"]
[WhiteElo "2235"]
[BlackElo "2110"]

1.e4 e6 2.d4 d5 3.Nc3 Nf6 4.e5 Nfd7 5.f4 c5 6.Nf3 Nc6 7.Be3 a6 8.Qd2 b5 9.dxc5 Bxc5
10.Bxc5 Nxc5 11.Qf2 Qb6 12.b4 Nd7 13.Qxb6 Nxb6 14.a4 Nxb4 15.Nd4 bxa4 16.Nxa4 Nxa4
17.Rxa4 a5 18.c3 Bd7 19.Nb5 Ke7 20.cxb4 Rhb8 21.Kf2 Bxb5 22.Bxb5 Rxb5 23.Rha1 Kd7
24.R1a2 Kc7 25.bxa5 Ra6 26.g3 Kb7 27.g4 Rc6 28.f5 Ka6 29.Rf4 Rc4 30.Kg3 Rb3+
31.Rf3 Rxf3+ 32.Kxf3 Re4 33.fxe6 fxe6 34.Rc2 Rxe5 35.Rc7 h5 36.gxh5 Rxh5
37.Rc6+ Kxa5 38.Rxe6 Kb5 39.Ke3 Kc5 40.Rg6 Rh3+ 41.Kd2 Rxh2+ 42.Kd3 Rh3+
43.Kd2 Kd4 44.Rg4+ Kc5 45.Rxg7 Kc4 46.Rg8 Rh2+ 47.Kd1 d4 48.Rg3  1/2-1/2

[Event "Oberliga Ost B9899"]
[Site "GER"]
[Date "1998.??.??"]
[Round "?"]
[White "Margolin, Boris"]
[Black "Klingelhoefer, Stefan"]
[Result "1-0"]
[WhiteElo "2375"]
[BlackElo "2320"]

1.e4 e6 2.d4 d5 3.Nc3 Nf6 4.e5 Nfd7 5.f4 c5 6.Nf3 Nc6 7.Be3 a6 8.Qd2 b5 9.dxc5 Bxc5
10.Bxc5 Nxc5 11.Qf2 Qb6 12.Bd3 b4 13.Ne2 a5 14.O-O Ba6 15.Kh1 h6 16.f5 exf5
17.Nf4 Ne7 18.e6 f6 19.Nh4 O-O 20.Rfe1 Bxd3 21.cxd3 Qd6 22.Qd4 Kh7 23.Nf3 g5
24.Nh5 Kg6 25.g4 fxg4 26.Qxg4 f5 27.Nh4+ Kh7 28.Qd4  1-0

[Event "Oberliga Nord N9899"]
[Site "GER"]
[Date "1998.??.??"]
[Round "?"]
[White "Christ, Ralf"]
[Black "Lindinger, Markus"]
[Result "0-1"]
[WhiteElo "2270"]
[BlackElo "2290"]

1.e4 e6 2.d4 d5 3.Nc3 Nf6 4.e5 Nfd7 5.f4 c5 6.Nf3 Nc6 7.Be3 cxd4 8.Nxd4 Qb6
9.Qd2 Qxb2 10.Rb1 Qa3 11.Rb3 Qa5 12.Bb5 Nxd4 13.Bxd4 Bb4 14.O-O a6 15.Rfb1 Be7
16.Bxd7+ Bxd7 17.Rxb7 Rc8 18.Qe3 Bc5 19.Ne2 Bxd4 20.Nxd4 Qc5 21.R1b3 Ba4
22.Rb2 O-O 23.R7b4 Bd7 24.Qf2 Rc7 25.R4b3 f6 26.Nf3 Qe7 27.g3 Rfc8 28.Rb8 Bb5
29.Rxc8+ Rxc8 30.exf6 Qxf6 31.Ne5 Qf5 32.Qa7 Qe4 33.Qf7+ Kh8 34.Qxe6 Qe1+
35.Kg2 Qf1+  0-1

[Event "NRW-Liga I 9899"]
[Site "GER"]
[Date "1998.??.??"]
[Round "2"]
[White "Weber, Peter"]
[Black "Kaid, Almar"]
[Result "1/2-1/2"]
[WhiteElo "2205"]
[BlackElo "2210"]

1.e4 e6 2.d4 d5 3.Nc3 Nf6 4.e5 Nfd7 5.f4 c5 6.Nf3 Nc6 7.Be3 cxd4 8.Nxd4 Bc5
9.Qd2 O-O 10.O-O-O a6 11.Kb1 Bxd4 12.Bxd4 b5 13.h4 Bb7 14.h5 b4 15.Ne2 a5
16.Qe3 Qc7 17.h6 g6 18.Ng3 Nxd4 19.Qxd4 Ba6 20.Bd3 Rfc8 21.Rc1 Qc5 22.Ne2 a4
23.Qxc5 Nxc5 24.Bxa6 Rxa6 25.Rhd1 Ne4 26.Rd4 Rb6 27.g4 a3 28.b3 f6 29.exf6 Nxf6
30.g5 Ne4 31.Rcd1 Rbc6 32.c4 bxc3 33.Kc2 Nd6 34.R1d3 Ne4  1/2-1/2

[Event "NRW-Liga I 9899"]
[Site "GER"]
[Date "1998.??.??"]
[Round "4"]
[White "Buenermann, Volker"]
[Black "Lemanczyk, Thomas"]
[Result "1/2-1/2"]
[WhiteElo "2295"]
[BlackElo "2160"]

1.e4 e6 2.d4 d5 3.Nc3 Nf6 4.e5 Nfd7 5.f4 c5 6.Nf3 Nc6 7.Be3 a6 8.Qd2 b5 9.dxc5 Bxc5
10.Bxc5 Nxc5 11.Qf2 Qb6 12.Bd3 b4 13.Ne2 a5 14.O-O Ba6 15.Ng3 Na4 16.b3 Qxf2+
17.Kxf2 Bxd3 18.cxd3 Nc3 19.Ne2 Nxe2  1/2-1/2

[Event "BL9798 (Women)"]
[Site "Germany"]
[Date "1998.??.??"]
[Round "?.5"]
[White "Hausmann, Ilka"]
[Black "Sheynina, Yuliya"]
[Result "0-1"]
[WhiteElo "2130"]
[BlackElo "2085"]

1.e4 e6 2.d4 d5 3.Nc3 Nf6 4.e5 Nfd7 5.f4 c5 6.Nf3 Nc6 7.Be3 a6 8.Qd2 cxd4
9.Nxd4 Nxd4 10.Bxd4 Bc5 11.Bxc5 Nxc5 12.Qd4 Nd7 13.Bd3 Qb6 14.Qxb6 Nxb6 15.O-O g6
16.g4 Rg8 17.a4 Nd7 18.b4 b6 19.h3 Bb7 20.Kh2 h6 21.Rae1 Rc8 22.Nd1 Rc7 23.Rf2 Bc8
24.f5 gxf5 25.gxf5 Nf8 26.Ne3 h5 27.Ng2 exf5 28.Nf4 Bb7 29.Nxh5 Ke7 30.Bxf5 Rg5
31.Nf6 Ne6 32.h4 Rg7 33.Rd1 Rc4 34.Kh3 Nf4+ 35.Kh2 Ne6 36.Rf3 Rxh4+ 37.Rh3 Rxh3+
38.Kxh3 Nf4+ 39.Kh4 Ng2+ 40.Kh5 Ne3 41.Rd2 Nxf5 42.Nxd5+ Bxd5 43.Rxd5 Ke6
44.c4 f6 45.Rd8 Rg5+  0-1

[Event "BL2-SuedO 9900 (Women)"]
[Site "Germany"]
[Date "1998.??.??"]
[Round "?"]
[White "Fuchs, Antje"]
[Black "Stangl, Anita"]
[Result "0-1"]
[WhiteElo "2130"]
[BlackElo "2160"]

1.e4 e6 2.d4 d5 3.Nc3 Nf6 4.e5 Nfd7 5.f4 c5 6.Nf3 Nc6 7.Be3 Be7 8.Qd2 a6
9.dxc5 Nxc5 10.O-O-O b5 11.Ne2 Ne4 12.Qe1 Bb4 13.c3 Be7 14.Ned4 Na5 15.Kb1 Bd7
16.Bd3 Nc5 17.Bc2 Nc4 18.Bc1 a5 19.f5 b4 20.fxe6 fxe6 21.Qg3 Qb6 22.Qxg7 Rf8
23.Ka1 a4 24.Nd2 bxc3 25.Nxc4 dxc4 26.Qxh7 Nb3+ 27.Nxb3 axb3 28.Bg6+ Kd8
29.a3 cxb2+ 30.Bxb2 Qc5 31.Kb1 Rf2  0-1

[Event "Oberliga Ost A9798"]
[Site "Germany"]
[Date "1998.??.??"]
[Round "?.6"]
[White "Hoepfl, Thomas"]
[Black "Zschiedrich, Heiko"]
[Result "1/2-1/2"]
[WhiteElo "2215"]
[BlackElo "2175"]

1.e4 e6 2.d4 d5 3.Nc3 Nf6 4.e5 Nfd7 5.f4 c5 6.Nf3 Nc6 7.Be3 cxd4 8.Nxd4 Bc5
9.Qd2 Nxd4 10.Bxd4 Bxd4 11.Qxd4 Qb6 12.Qxb6 Nxb6 13.Nb5 Ke7 14.O-O-O Bd7
15.Nd4 h5 16.Bd3 g6 17.g3 Nc8 18.h3 a6 19.g4 hxg4 20.hxg4 Na7 21.Kd2 Bb5
22.f5 Bxd3 23.f6+ Kd7 24.cxd3 Nc6 25.Nxc6 Kxc6 26.Rc1+ Kd7 27.g5 Rac8 28.Rxc8 Rxc8
29.Rh7 Rf8 30.Ke3 Kc6 31.Kd4 b5 32.b4 Kb6 33.Rh4 Rc8 34.a3 Rd8 35.Rh2 Rc8
36.Rh7 Rf8 37.Kc3 Kc6 38.Kd4  1/2-1/2

[Event "BL2-O9798"]
[Site "Germany"]
[Date "1998.??.??"]
[Round "5.7"]
[White "Held, Markus"]
[Black "Grafe, Wilhelm"]
[Result "1-0"]
[WhiteElo "2315"]
[BlackElo "2195"]

1.e4 e6 2.d4 d5 3.Nc3 Nf6 4.e5 Nfd7 5.f4 c5 6.Nf3 Nc6 7.Be3 cxd4 8.Nxd4 Bc5
9.Qd2 Nxd4 10.Bxd4 Bxd4 11.Qxd4 f6 12.exf6 Qxf6 13.O-O-O O-O 14.g3 Nb6 15.Bb5 Qxd4
16.Rxd4 a6 17.Be2 Bd7 18.Rb4 Bb5 19.Bg4 Kf7 20.Re1 Rfe8 21.a4 d4 22.Ne4 Nxa4
23.Nd6+ Kf6 24.Nxe8+ Rxe8 25.Rxd4 Nc5 26.b4 Nd7 27.Rd6 Nf8 28.Bf3 Re7 29.Rb6 Rc7
30.Rxb7 Rc4 31.Be2 Re4 32.Kd2 Rd4+ 33.Bd3 Rxb4 34.Kc3 Ra4 35.Bxb5 axb5 36.Rxb5 Ra3+
37.Rb3 Ra2 38.Rb6 Ra3+ 39.Kd4 Rf3 40.Re2 h5 41.c4 Rf1 42.c5 h4 43.c6 hxg3
44.hxg3 Rc1 45.Re3 g5 46.fxg5+ Kxg5 47.Rb5+ Kf6 48.Rf3+  1-0

[Event "BL2-O9798"]
[Site "Germany"]
[Date "1998.??.??"]
[Round "5.7"]
[White "Albrecht, Hans"]
[Black "Wichmann, Cliff"]
[Result "0-1"]
[WhiteElo "2245"]
[BlackElo "2230"]

1.e4 e6 2.d4 d5 3.Nc3 Nf6 4.e5 Nfd7 5.f4 c5 6.Nf3 Nc6 7.Be3 a6 8.Be2 b5 9.Qd2 b4
10.Nd1 cxd4 11.Nxd4 Nxd4 12.Bxd4 a5 13.O-O Bc5 14.Bxc5 Nxc5 15.a3 Qb6 16.Kh1 Ne4
17.Qe3 Qxe3 18.Nxe3 b3 19.Rac1 bxc2 20.Rxc2 O-O 21.Rfc1 Ba6 22.Bxa6 Rxa6
23.Rc6 Rxc6 24.Rxc6 Rb8 25.Nd1 h6 26.Kg1 Nd2 27.Ra6 Nc4 28.Kf1 Kh7 29.Ke2 g5
30.fxg5 hxg5 31.h3 Kg6 32.Ra7 Rb3 33.a4 Rb4 34.Ke1 Nxe5 35.Rxa5 Nd3+ 36.Kd2 Nxb2
37.Kc3 Rxa4 38.Rxa4 Nxa4+ 39.Kd4 Nb6 40.Ne3 Nc4 41.Ng4 f6 42.g3 Nd6  0-1

[Event "NRW-Liga 9798"]
[Site "Germany"]
[Date "1998.??.??"]
[Round "7.4"]
[White "Auer, Martin"]
[Black "Schuermann, Thomas"]
[Result "1/2-1/2"]
[WhiteElo "2340"]
[BlackElo "2250"]

1.e4 e6 2.d4 d5 3.Nc3 Nf6 4.e5 Nfd7 5.Nf3 c5 6.dxc5 Bxc5 7.Bd3 Nc6 8.Qe2 f6
9.exf6 Nxf6 10.Bf4 O-O 11.O-O a6 12.Rad1 Bd7 13.Ne5 Qe7 14.Nxc6 Bxc6 15.Rde1 Rae8
16.Be5  1/2-1/2

[Event "Hlohovec op"]
[Site "Hlohovec"]
[Date "1998.??.??"]
[Round "2"]
[White "Stets, Dmitry"]
[Black "Henc, Renata"]
[Result "1-0"]
[WhiteElo "2420"]
[BlackElo "2155"]

1.e4 e6 2.d4 d5 3.Nc3 Nf6 4.e5 Nfd7 5.f4 c5 6.Nf3 Nc6 7.Be3 cxd4 8.Nxd4 Qb6
9.Be2 Qxb2 10.Ncb5 Qb4+ 11.Bd2 Qc5 12.Nc7+ Kd8 13.Nb3 Qa3 14.Nxa8 b6 15.O-O Bb7
16.c4 d4 17.Bc1 Qb4 18.g3 Qa4 19.f5 Bxa8 20.fxe6 fxe6 21.Nxd4 Qxd1 22.Nxe6+ Ke7
23.Rxd1 Ndxe5 24.Nc7 Bb7 25.Be3 Na5 26.c5 Nac4 27.Bd4 Kf7 28.cxb6 axb6 29.Rac1 b5
30.Nxb5 Bc6 31.Rxc4  1-0

[Event "HUN-chT2 9798"]
[Site "HUN"]
[Date "1998.??.??"]
[Round "?"]
[White "Darazs, Zoltan"]
[Black "Kun, Gabor"]
[Result "1/2-1/2"]
[WhiteElo "2240"]
[BlackElo "2210"]

1.e4 e6 2.d4 d5 3.Nc3 Nf6 4.e5 Nfd7 5.f4 c5 6.Nf3 Nc6 7.Be3 a6 8.Qd2 b5 9.dxc5 Bxc5
10.Bxc5 Nxc5 11.b4 Ne4 12.Nxe4 dxe4 13.Qxd8+ Kxd8 14.Ng5 Kc7 15.c3 Bb7 16.Nxf7 Rhf8
17.Ng5 Rae8 18.Nh3 g5 19.Nxg5 Rxf4 20.a4 Rf5 21.axb5 axb5 22.Nh3 Nxe5 23.Bxb5 Nd3+
24.Bxd3 exd3 25.Rg1 Rd8 26.Kd2 e5 27.Ra5 h6 28.c4 Rd4 29.Rc5+ Kd6 30.Rb5 Bc6
31.c5+ Kd7 32.Rb6 e4 33.Ke3 Rc4 34.b5 Bd5 35.Rd6+ Kc7 36.Nf4 Rxc5 37.Rxd5 Rfxd5
38.Nxd5+ Rxd5 39.Kxe4 Rxb5 40.Kxd3 Kd6 41.Ke4 Ke6 42.Rf1 Rb2 43.Kf3 Kf5 44.Kg3+ Kg5
45.Kh3 Rb3+ 46.Rf3 Rb4 47.Rg3+ Kf6 48.Rg4 Rb5 49.Kh4 Ra5 50.h3 Rb5 51.Rc4 Kg6
52.Rc6+ Kg7 53.Re6 Rb4+ 54.Kh5 Rb5+ 55.Kg4 Rg5+ 56.Kf3 Rf5+ 57.Ke4 Rf2 58.g4 Rh2
59.Kf5  1/2-1/2

[Event "HUN-chT29899"]
[Site "HUN"]
[Date "1998.??.??"]
[Round "?"]
[White "Darazs, Zoltan"]
[Black "Molnar, Jozsef"]
[Result "0-1"]
[WhiteElo "2195"]
[BlackElo "2165"]

1.e4 e6 2.d4 d5 3.Nc3 Nf6 4.e5 Nfd7 5.f4 c5 6.Nf3 Nc6 7.Be3 Qb6 8.Na4 Qa5+
9.c3 c4 10.b4 Qc7 11.Be2 Be7 12.O-O a6 13.Qc2 g6 14.Kh1 Na7 15.Nb2 Nf8 16.a4 Bd7
17.Bd1 a5 18.bxa5 Qxa5 19.Nd2 Nc6 20.Bf3 Qc7 21.Rfb1 Na5 22.Nd1 Bc6 23.Nf2 Nd7
24.g4 f6 25.f5 fxe5 26.dxe5 O-O-O 27.fxe6 Nc5 28.Bd4 Rhf8 29.Qd1 Nab3 30.Nxb3 Nxb3
31.Ra2 Qa5 32.Kg2 Rde8 33.Rxb3 cxb3 34.Qxb3 Bd8 35.Nd3 Rxe6 36.Nc5 Re7 37.Bxd5 Qc7
38.Kg1 Bxd5 39.Qxd5 Qc6 40.c4 Rf4 41.Qxc6+ bxc6 42.Nb3 Rb7 43.a5 Rxb3 44.a6 Kb8
45.a7+ Ka8 46.Rd2 Rxd4  0-1

[Event "HUN-chT9899"]
[Site "HUN"]
[Date "1998.??.??"]
[Round "?"]
[White "Galyas, Miklos"]
[Black "Bali, Janos"]
[Result "1-0"]
[WhiteElo "2440"]
[BlackElo "2350"]

1.e4 e6 2.d4 d5 3.Nc3 Nf6 4.e5 Nfd7 5.f4 c5 6.Nf3 Nc6 7.Ne2 Qb6 8.c3 cxd4
9.Nexd4 Nxd4 10.cxd4 Bb4+ 11.Kf2 Nb8 12.Be3 Nc6 13.a3 Be7 14.b4 Bd7 15.Bd3 f5
16.h3 O-O 17.g4 Nd8 18.gxf5 exf5 19.Qb3 Be6 20.Rac1 a5 21.Qa4 Nf7 22.b5 Kh8
23.Rc3 Rg8 24.Qc2 Raf8 25.a4 g5 26.Rg1 gxf4 27.Rxg8+ Rxg8 28.Bxf4 Ng5 29.Bxg5 Bxg5
30.Bxf5 Rf8 31.Bxe6 Qxe6 32.Kg2 Bf4 33.Nh2 Rg8+ 34.Kh1 Bxh2 35.Kxh2 Qh6 36.Qf2 Rf8
37.Rf3 Rc8 38.Rf6 Qg7 39.Rf7 Rc2 40.Rxg7 Rxf2+ 41.Kg3 Rd2 42.Rxb7 Kg8 43.e6 Kf8
44.Rxh7 Rd3+ 45.Kf2 Rxd4 46.b6 Rb4 47.b7 Kg8 48.Rc7  1-0

[Event "HUN-chT 9798"]
[Site "Hungary"]
[Date "1998.??.??"]
[Round "?"]
[White "Grabics, Monika"]
[Black "Baranyai, Szabolcs Jr"]
[Result "1-0"]
[WhiteElo "2255"]
[BlackElo "2220"]

1.e4 e6 2.d4 d5 3.Nc3 Nf6 4.e5 Nfd7 5.f4 c5 6.Nf3 Nc6 7.Be3 cxd4 8.Nxd4 Bc5
9.Qd2 O-O 10.O-O-O a6 11.h4 Qc7 12.Nce2 Na5 13.b3 Ba3+ 14.Kb1 Nc5 15.c3 Ne4
16.Qd3 Bd7 17.Rh3 Rfc8 18.Bg1 b5 19.Nc2 Bf8 20.Rc1 Nb7 21.g4 Bc5 22.Bd4 Bf8
23.Bg2 Nbc5 24.Bxc5 Nxc5 25.Qe3 a5 26.Ncd4 Qa7 27.Rc2 b4 28.c4 a4 29.cxd5 axb3
30.Nxb3 Ba4 31.Nec1 Bxb3 32.Nxb3 Qa3 33.Nxc5 Qxe3 34.Rxe3 Bxc5 35.Re1 Be7
36.d6 Rxc2 37.Bxa8 Bxh4 38.Kxc2 Bxe1 39.d7 b3+ 40.Kxb3 Ba5 41.Ka4 Bd8 42.Kb5 Kf8
43.a4 Ke7 44.Bc6 f6 45.a5  1-0

[Event "Kiev-ch"]
[Site "Kiev"]
[Date "1998.??.??"]
[Round "9"]
[White "Khaskelman, Evgeny"]
[Black "Sarana, Oksana"]
[Result "0-1"]
[WhiteElo "2180"]
[BlackElo "2220"]

1.e4 e6 2.d4 d5 3.Nc3 Nf6 4.e5 Nfd7 5.Nce2 c5 6.c3 Nc6 7.f4 a6 8.Nf3 b5 9.dxc5 Bxc5
10.Ned4 Qb6 11.Nxc6 Qxc6 12.Nd4 Qb6 13.Be3 b4 14.cxb4 Qxb4+ 15.Qd2 Qxd2+
16.Kxd2 Bb7 17.Bd3 Ke7 18.Rhc1 Rhc8 19.a3 a5 20.Rc2 Bxd4 21.Bxd4 Rxc2+ 22.Bxc2 Ba6
23.Rc1 Rc8 24.Bb3 Rxc1 25.Kxc1 Bb5 26.a4 Bf1 27.Bc3 Nc5 28.Bc2 Nb7 29.g3 g6
30.Kd2 Kd7 31.Ke3 Kc6 32.b4 axb4 33.Bxb4 Kb6 34.g4 Na5 35.Bxa5+ Kxa5 36.f5 Kb4
37.fxe6 fxe6 38.Kd4 Ba6 39.h4 Be2 40.g5 Bg4 41.Bd3 Kxa4 42.Ba6 Kb3 43.Bc8 Kc2
44.Bd7 Kd2 45.Be8 Ke2 46.Bf7 Kf3 47.Bg8 Bf5 48.Kc5 Kg4 49.Kd6 d4 50.Bxe6 Bxe6
51.Kxe6 d3 52.Kf7 d2 53.Kg7 d1=Q 54.Kxh7 Kf5  0-1

[Event "MK Cafe Cup-B"]
[Site "Koszalin"]
[Date "1998.??.??"]
[Round "4"]
[White "Zawadzki, Stanislaw"]
[Black "Wegner, Robert"]
[Result "1/2-1/2"]
[WhiteElo "2245"]
[BlackElo "2150"]

1.e4 e6 2.d4 d5 3.Nc3 Nf6 4.e5 Nfd7 5.f4 c5 6.Nf3 Nc6 7.Be3 Qb6 8.Na4 Qa5+
9.c3 c4 10.b4 Qc7 11.g3 g6 12.Bg2 h5 13.O-O Ne7 14.Bf2 a5 15.b5 b6 16.Nb2 Bb7
17.a4 Nf5 18.Qc2 Be7 19.Rae1 O-O-O 20.Nd1 Rdg8 21.Ne3 Qd8 22.h4 Rg7 23.Nxf5 gxf5
24.Ng5 Qg8 25.Qe2 Rg6 26.Bf3 Rgh6 27.Kh2 Kc7 28.Rg1  1/2-1/2

[Event "MK Cafe Cup-B"]
[Site "Koszalin"]
[Date "1998.??.??"]
[Round "6"]
[White "Wismont, Ryszard"]
[Black "Sakalauskas, Vaidas"]
[Result "0-1"]
[WhiteElo "2285"]
[BlackElo "2410"]

1.e4 e6 2.d4 d5 3.Nc3 Nf6 4.e5 Nfd7 5.f4 c5 6.Nf3 Nc6 7.Be3 cxd4 8.Nxd4 Qb6
9.Qd2 Qxb2 10.Rb1 Qa3 11.Bb5 Nxd4 12.Bxd4 Bb4 13.Rb3 Qa5 14.a3 Be7 15.f5 exf5
16.Nxd5 Bh4+ 17.g3 Qxd2+ 18.Kxd2 Bd8 19.Rf1 O-O 20.Bxd7 Bxd7 21.Rxb7 Be6
22.Ne7+ Bxe7 23.Rxe7 Rfd8 24.Kc3 Rd5 25.Rb1 g5 26.Rxa7 Rxa7 27.Rb8+ Kg7 28.Bxa7 Ra5
29.Bb6 Rxa3+ 30.Kd2 f4 31.gxf4 gxf4 32.h4 Rh3 33.Bf2 Rh2 34.Ke1 Rh1+ 35.Kd2 Kg6
36.Rh8 h5 37.c3 Bg4 38.c4 Rd1+ 39.Kc3 Rf1 40.Bc5 Rc1+ 41.Kd3 Bf5+ 42.Kd2 Rc2+
43.Ke1 Rxc4 44.Rg8+ Kh7 45.Rg5  0-1

[Event "RUS-Cup"]
[Site "Krasnodar"]
[Date "1998.??.??"]
[Round "2"]
[White "Stambulin, A."]
[Black "Ulibin, Mikhail"]
[Result "1/2-1/2"]
[WhiteElo "2300"]
[BlackElo "2575"]

1.e4 e6 2.d4 d5 3.Nc3 Nf6 4.e5 Nfd7 5.f4 c5 6.Nf3 Nc6 7.Be3 Qb6 8.Na4 Qa5+
9.c3 c4 10.b4 Qc7 11.Qb1 Be7 12.Be2 b6 13.O-O f5 14.g4 fxg4 15.Ng5 Nf8 16.Bxg4 g6
17.Kh1 Rg8 18.Qc2 Bd7 19.Nb2 h6 20.Nh3 O-O-O 21.Rg1 Bh4 22.Bf2 Bxf2 23.Qxf2 Rh8
24.Nd1 Ne7 25.Ne3 a6 26.Bf3 Ba4 27.Rg2 Nf5 28.Nxf5 exf5 29.Re1 Qf7 30.e6 Nxe6
31.Qg3 Rhg8 32.Rge2 Rge8 33.Re5 Nc7 34.Qh4 Qf8 35.Qg3 Qf6 36.Rg1 Rd6 37.Nf2 Ree6
38.Nd1 Bxd1 39.Rxd1 Kb8 40.Qg2 Qd8 41.Rde1 Qh4 42.Rf1 Qxf4 43.Bxd5 Qxe5 44.dxe5 Rxd5
45.Re1 Rd3 46.Qf2 h5 47.Qh4 Rxc3 48.Qd4 Rc2 49.a4 Kb7 50.h4 Kc8 51.Rd1 c3
52.Re1 Rc6 53.b5 Rd2 54.Qb4 axb5 55.axb5 Rc5 56.e6 Nxe6 57.Rxe6 c2 58.Qxd2 c1=Q+
59.Qxc1 Rxc1+ 60.Kg2 Kc7 61.Rxg6 Rc4 62.Kh3 f4 63.Kg2 f3+ 64.Kxf3  1/2-1/2

[Event "RUS-Cup"]
[Site "Krasnodar"]
[Date "1998.??.??"]
[Round "9"]
[White "Fedorov, Alexei"]
[Black "Volkov, Sergey"]
[Result "1/2-1/2"]
[WhiteElo "2595"]
[BlackElo "2545"]

1.e4 e6 2.d4 d5 3.Nc3 Nf6 4.e5 Nfd7 5.f4 c5 6.Nf3 Nc6 7.Be3 a6 8.Qd2 b5 9.Bd3 b4
10.Nd1 Qb6 11.Qf2 cxd4 12.Nxd4 Nxd4 13.Bxd4 Bc5 14.Bxc5 Nxc5 15.O-O Rb8 16.Ne3 O-O
17.Rad1 Bd7 18.Kh1 Nxd3 19.cxd3 Qd4 20.b3 a5 21.Nc2 Qxf2 22.Rxf2 f6 23.Kg1 Rbc8
24.Nd4 Kf7 25.Re2 Ke7 26.g3 Rc3 27.Re3 h6 28.Kf2 g5 29.Kf3 gxf4 30.gxf4 Be8
31.exf6+ Rxf6 32.Rde1 Bg6 33.Rxe6+ Rxe6 34.Rxe6+ Kf7 35.Re3 Bxd3 36.Kf2 Bb1
37.Rxc3 bxc3 38.Ke3 Bxa2 39.Kd3 Bb1+ 40.Kxc3 Kf6 41.Nc6 Kf5 42.Nxa5 Kxf4
43.Kd4 Bc2 44.b4 Ba4 45.Nb7  1/2-1/2

[Event "La Coruna op"]
[Site "La Coruna"]
[Date "1998.??.??"]
[Round "?"]
[White "Rivera, Daniel"]
[Black "Salgado Lopez, Oscar"]
[Result "1-0"]
[WhiteElo "2365"]
[BlackElo "2145"]

1.e4 e6 2.d4 d5 3.Nc3 Nf6 4.e5 Nfd7 5.f4 c5 6.Nf3 Nc6 7.Be3 a6 8.Qd2 b5 9.dxc5 Bxc5
10.Bxc5 Nxc5 11.Qf2 Qb6 12.Bd3 b4 13.Ne2 a5 14.O-O Ba6 15.Rfd1 O-O 16.Kh1 f6
17.Qe3 fxe5 18.fxe5 Nd7 19.Qxb6 Nxb6 20.Kg1 Nd7 21.Ned4 Nxd4 22.Nxd4 Nc5
23.a3 Bxd3 24.cxd3 bxa3 25.Rxa3 Rf4 26.Nc6 a4 27.b4 Nd7 28.Rf1 Rf7 29.Rxf7 Kxf7
30.Kf2 Nb6 31.Ke3 Ke8 32.Kd4 Kd7 33.Kc5 Kc7 34.b5 Rf8 35.Nd4 Nd7+ 36.Kb4 Rf4
37.Kc3 Nc5 38.Nf3 Rg4 39.g3 h5 40.d4 Ne4+ 41.Kb4 g5 42.Rxa4 Nxg3 43.hxg3 Rxg3
44.Ra7+ Kb8 45.Rf7 h4 46.Kc5 h3 47.Kc6  1-0

[Event "SCO-ch"]
[Site "Largs"]
[Date "1998.??.??"]
[Round "7"]
[White "Bryson, Douglas M"]
[Black "Nolan, Graeme"]
[Result "1-0"]
[WhiteElo "2385"]
[BlackElo "2055"]

1.e4 e6 2.d4 d5 3.Nc3 Nf6 4.e5 Ne4 5.Nxe4 dxe4 6.Bc4 a6 7.a4 b6 8.Nh3 Bb7
9.Nf4 Nc6 10.c3 Ne7 11.Qb3 Nd5 12.Bxd5 exd5 13.O-O Be7 14.f3 exf3 15.Rxf3 O-O
16.Be3 Bg5 17.Nh5 Bxe3+ 18.Rxe3 Qg5 19.Nf6+ gxf6 20.Rg3 Qxg3 21.hxg3 fxe5
22.dxe5 Rae8 23.Re1 Re6 24.Qb4 Rfe8 25.Qg4+ Kf8 26.Qh5 Kg7 27.Qg4+ Kf8 28.Qf5 Kg7
29.Rf1 R8e7 30.Rf4 Rg6 31.Qf6+ Rxf6 32.exf6+ Kf8 33.fxe7+ Kxe7 34.a5 bxa5
35.Kf2 c5 36.Rh4 Bc6 37.Rxh7 Bb5 38.Ke3 a4 39.Rh6 Kd7 40.g4 Ke7 41.g5 Kd7
42.Rf6 Ke7 43.g3 a3 44.bxa3 Bc4 45.Rc6 Kd7 46.Rxc5 Kd6 47.Kd4 Kd7 48.Rxd5+  1-0

[Event "VfB op 5th"]
[Site "Leipzig"]
[Date "1998.??.??"]
[Round "5"]
[White "Bindrich, Oswald"]
[Black "Wichmann, Cliff"]
[Result "1/2-1/2"]
[WhiteElo "2130"]
[BlackElo "2225"]

1.e4 e6 2.d4 d5 3.Nc3 Nf6 4.e5 Nfd7 5.f4 c5 6.Nf3 Nc6 7.Be3 a6 8.Qd2 b5 9.dxc5 Bxc5
10.Bxc5 Nxc5 11.Qf2 Qb6 12.Bd3 Rb8 13.O-O Na4 14.Nxa4 bxa4 15.c4 Nb4 16.Be2 Nc2
17.Rac1 Qxf2+ 18.Rxf2 Ne3 19.cxd5 Nxd5 20.Nd4 Ne7 21.Bf3 O-O 22.Nc6 Nxc6
23.Bxc6 Rb4 24.g3 Rd8 25.Rfc2 g6 26.a3 Rbd4 27.Bxa4 Bb7 28.Bc6 Rd1+ 29.Rxd1 Rxd1+
30.Kg2 Bxc6+ 31.Rxc6 Rd2+ 32.Kh3 Rxb2 33.Rxa6 h5 34.Rc6 Ra2 35.Ra6 Kg7 36.Ra7 Re2
37.Ra5 g5 38.fxg5 Kg6 39.g4 hxg4+ 40.Kxg4 Rxh2 41.Ra8 Rg2+ 42.Kf4 Rf2+ 43.Ke3 Ra2  1/2-1/2

[Event "VfB op 5th"]
[Site "Leipzig"]
[Date "1998.??.??"]
[Round "7"]
[White "Goessling, Guido"]
[Black "Wichmann, Cliff"]
[Result "0-1"]
[WhiteElo "2140"]
[BlackElo "2225"]

1.e4 e6 2.d4 d5 3.Nc3 Nf6 4.e5 Nfd7 5.f4 c5 6.Nf3 Nc6 7.Be3 a6 8.Qd2 b5 9.Be2 b4
10.Na4 cxd4 11.Nxd4 Nxd4 12.Qxd4 Bb7 13.O-O Bc6 14.b3 Bxa4 15.bxa4 Bc5 16.Qd2 Qb6
17.Bxc5 Nxc5 18.Qd4 O-O 19.a3 Rfb8 20.Rab1 a5 21.c3 Nxa4 22.Qxb6 Rxb6 23.Rfc1 b3
24.c4 b2 25.Rc2 Rc8 26.Kf2 dxc4  0-1

[Event "Ljubljana op"]
[Site "Ljubljana"]
[Date "1998.??.??"]
[Round "5"]
[White "Zelcic, Robert"]
[Black "Kovacevic, Blazimir"]
[Result "1-0"]
[WhiteElo "2540"]
[BlackElo "2395"]

1.e4 e6 2.d4 d5 3.Nc3 Nf6 4.e5 Nfd7 5.f4 c5 6.Nf3 Nc6 7.Be3 a6 8.Qd2 b5 9.dxc5 Bxc5
10.Bxc5 Nxc5 11.Qf2 Qb6 12.Bd3 b4 13.Ne2 a5 14.O-O Ba6 15.Kh1 Ne7 16.Rad1 Na4
17.Qxb6 Nxb6 18.b3 O-O 19.Ned4 Nd7 20.g4 Ng6 21.Ne1 Nc5 22.Bxa6 Rxa6 23.Nd3 Rc8
24.Rde1 Ne4 25.f5 Nf8 26.a3 bxa3 27.Ra1 h5 28.gxh5 exf5 29.Rxa3 Ne6 30.Nxf5 Ra7
31.Rxa5 Rxa5 32.Ne7+ Kf8 33.Nxc8 Nd4 34.Nf4 Ra2 35.e6 Nf5 36.exf7 Nfg3+ 37.hxg3 Nxg3+
38.Kg1 Nxf1 39.Nd6  1-0

[Event "FRA-chB"]
[Site "Meribel"]
[Date "1998.??.??"]
[Round "3"]
[White "Fontaine, Robert"]
[Black "Gendre, Kossia"]
[Result "1-0"]
[WhiteElo "2365"]
[BlackElo "2170"]

1.e4 e6 2.d4 d5 3.Nc3 Nf6 4.e5 Nfd7 5.f4 c5 6.Nf3 Nc6 7.Be3 Qb6 8.Na4 Qa5+
9.c3 cxd4 10.b4 Qc7 11.Nxd4 a6 12.Qd2 b5 13.Nb2 Nb6 14.a4 bxa4 15.Nxa4 Nc4
16.Bxc4 dxc4 17.Nxc6 Qxc6 18.Nb6 Rb8 19.Nxc8 Rxc8 20.O-O Be7 21.Qa2 O-O 22.Qxa6 Qe4
23.Qa7 Rfd8 24.Rae1 Bh4 25.Bf2 Bxf2+ 26.Qxf2 Qc6 27.f5 Rd3 28.f6 Rxc3 29.Qd2 Qb6+
30.Kh1 Qxb4 31.Rb1 Qa3 32.Qd7 Qf8 33.fxg7 Qe8 34.Qb7 Kxg7 35.h3 Rd8 36.Qe4 Rg3
37.Rb7 c3 38.Rfxf7+ Qxf7 39.Rxf7+ Kxf7 40.Qf4+ Ke8 41.Qxg3  1-0

[Event "Mermaid Beach"]
[Site "Mermaid Beach"]
[Date "1998.??.??"]
[Round "2"]
[White "Resika, Nathan A"]
[Black "Elbilia, Jacques"]
[Result "0-1"]
[WhiteElo "2170"]
[BlackElo "2360"]

1.e4 e6 2.d4 d5 3.Nc3 Nf6 4.e5 Nfd7 5.f4 c5 6.Nf3 Nc6 7.Be3 a6 8.Qd2 b5 9.dxc5 Bxc5
10.Bxc5 Nxc5 11.Qf2 Qb6 12.Bd3 b4 13.Ne2 a5 14.O-O Rb8 15.Rac1 Na4 16.Rb1 O-O
17.Ned4 Nxd4 18.Nxd4 Bd7 19.Nb3 Ra8 20.Nd4 f6 21.Qe3 Rae8 22.Kh1 Rf7 23.Rf3 Ref8
24.Rh3 g6 25.g3 f5 26.Rh4 h5 27.h3 Qc5 28.g4 fxg4 29.f5 exf5 30.e6 Re7 31.Bxf5 Rxf5
32.Nxf5 Qxe3 33.Nxe7+ Kg7 34.Nf5+ gxf5 35.exd7 Qf3+  0-1

[Event "Miskolc Avas op"]
[Site "Miskolc"]
[Date "1998.??.??"]
[Round "4"]
[White "Hajnal, Zoltan"]
[Black "Svoboda, Svatopluk"]
[Result "1/2-1/2"]
[WhiteElo "2185"]
[BlackElo "2125"]

1.e4 e6 2.d4 d5 3.Nc3 Nf6 4.e5 Nfd7 5.f4 c5 6.Nf3 Nc6 7.Be3 Be7 8.Qd2 O-O
9.dxc5 Nxc5 10.Qf2 Qa5 11.Bd3 Nb4 12.O-O Nbxd3 13.cxd3 Nxd3 14.Qd2 Nb4 15.a3 Nc6
16.f5 d4 17.Nxd4 Rd8 18.f6 gxf6 19.exf6 Bc5 20.b4 Rxd4 21.Qf2 Qc7 22.bxc5 Rg4
23.Qe2 Rg6 24.Bf4 Qa5 25.Qe3 b6 26.Bd6 Bb7 27.Ne4 Qa4 28.Rad1 Na5 29.Rd4 Qc2  1/2-1/2